[Event "Kirchlengern- Nienberge"]
[Site "?"]
[Date "2023.05.07"]
[Round "8.2"]
[White "Braun, Peter"]
[Black "Gottkehaskamp, Stefan"]
[Result "1/2-1/2"]
[WhiteElo "1933"]
[BlackElo "2075"]
[PlyCount "40"]
[SourceVersionDate "2023.06.22"]

1. e4 Nf6 2. e5 Nd5 3. d4 d6 4. c4 Nb6 5. exd6 cxd6 6. Nc3 g6 7. Be3 Bg7 8. Rc1
Nc6 9. b3 O-O 10. h3 e5 11. dxe5 dxe5 12. Qxd8 Rxd8 13. c5 Nd5 14. Nxd5 Rxd5
15. Bc4 Rd8 16. Nf3 Bf5 17. Ng5 Rd7 18. g4 Bd3 19. Bxd3 Rxd3 20. Ke2 Rad8
1/2-1/2

[Event "Kirchlengern- Nienberge"]
[Site "?"]
[Date "2023.05.07"]
[Round "8.3"]
[White "Kemper, Georg"]
[Black "Knollmann, Benjamin"]
[Result "1-0"]
[WhiteElo "2006"]
[BlackElo "1872"]
[PlyCount "109"]
[SourceVersionDate "2023.06.22"]

1. d4 e6 2. c4 Nf6 3. g3 Bb4+ 4. Bd2 Be7 5. Bg2 d5 6. Nf3 c6 7. Qc2 a5 8. O-O
O-O 9. Bf4 Nbd7 10. Nbd2 Nh5 11. Be3 Nhf6 12. Bg5 h6 13. Bf4 Nh5 14. Be3 Nhf6
15. Nb3 dxc4 16. Qxc4 b6 17. Qxc6 Ba6 18. Qc2 Rc8 19. Qd1 Nd5 20. Bc1 Qc7 21.
Ne1 a4 22. Nd2 Bb5 23. Ndf3 N7f6 24. a3 Bxa3 25. bxa3 Nc3 26. Bf4 Qxf4 27. gxf4
Nxd1 28. Rxd1 Bxe2 29. Rb1 Bxf1 30. Bxf1 Nd5 31. Bb5 Nc3 32. Rb4 Nxb5 33. Rxb5
Rc3 34. Rxb6 Rxa3 35. Ra6 Rb8 36. Kg2 Rb7 37. Ne5 Ra2 38. N1d3 a3 39. Ra8+ Kh7
40. Nc5 Rbb2 41. Ned3 Rb6 42. Nd7 Rd6 43. Nf8+ Kg8 44. Nxe6+ Kh7 45. Nf8+ Kg8
46. f5 g6 47. f6 Rxf6 48. Nd7+ Kg7 49. Nxf6 Kxf6 50. Kf3 Ra1 51. Ke4 a2 52.
Ra6+ Ke7 53. d5 Rg1 54. Rxa2 Rg4+ 55. f4 1-0

[Event "Kirchlengern- Nienberge"]
[Site "?"]
[Date "2023.05.07"]
[Round "8.4"]
[White "Dilger, Tim"]
[Black "Ringwelski, Marius"]
[Result "1-0"]
[WhiteElo "1852"]
[BlackElo "2002"]
[PlyCount "51"]
[SourceVersionDate "2023.06.22"]

1. d4 Nf6 2. c4 e6 3. Nf3 b6 4. Nc3 Bb7 5. Bg5 Bb4 6. e3 h6 7. Bh4 g5 8. Bg3
Ne4 9. Qc2 f5 10. Be2 Bxc3+ 11. bxc3 d6 12. d5 e5 13. Nxe5 Nxg3 14. fxg3 dxe5
15. Bh5+ Ke7 16. Qxf5 Qd6 17. O-O Nd7 18. Qf7+ Kd8 19. Qg7 Rf8 20. Bg4 Qe7 21.
Qxh6 Rf6 22. Qh3 Nf8 23. Qh8 Rxf1+ 24. Rxf1 Ke8 25. Bh5+ Kd7 26. Rf7 1-0

[Event "Kirchlengern- Nienberge"]
[Site "?"]
[Date "2023.05.07"]
[Round "8.6"]
[White "Ott, Helmut"]
[Black "Wetterau, Georg"]
[Result "1-0"]
[WhiteElo "1930"]
[BlackElo "1848"]
[PlyCount "67"]
[SourceVersionDate "2023.06.22"]

1. d4 Nf6 2. c4 c5 3. d5 e6 4. Nc3 exd5 5. Nxd5 Nxd5 6. Qxd5 Nc6 7. Nf3 d6 8.
Bd2 Be6 9. Qd3 Be7 10. e3 O-O 11. Be2 Ne5 12. Nxe5 dxe5 13. Qxd8 Rfxd8 14.
O-O-O b5 15. Bc3 f6 16. Rxd8+ Rxd8 17. cxb5 Bxa2 18. Ba5 Rd6 19. Rd1 Rxd1+ 20.
Kxd1 Bb3+ 21. Kd2 Kf8 22. Bc7 Bd5 23. Bb8 Bxg2 24. f3 e4 25. f4 Bh3 26. Bc4 Bc8
27. Bd5 Bd7 28. Bc4 Bc8 29. Bxa7 Bb7 30. Kc3 f5 31. Be6 g5 32. fxg5 Bxg5 33.
Bxc5+ Ke8 34. Bxf5 1-0

[Event "Kirchlengern- Nienberge"]
[Site "?"]
[Date "2023.05.07"]
[Round "8.7"]
[White "Althoff, Franz"]
[Black "Taubert, Tobias"]
[Result "1-0"]
[WhiteElo "2120"]
[BlackElo "1842"]
[PlyCount "69"]
[SourceVersionDate "2023.06.22"]

1. Nf3 d5 2. e3 Nf6 3. d4 Bg4 4. c4 Bxf3 5. Qxf3 c6 6. Nc3 e6 7. Bd3 Nbd7 8.
O-O Bd6 9. e4 dxe4 10. Nxe4 Nxe4 11. Bxe4 Qc7 12. h3 Nf6 13. Bc2 h6 14. Bd2
O-O-O 15. b4 Bh2+ 16. Kh1 Rxd4 17. Be3 Rxc4 18. Bb3 Rf4 19. Bxf4 Bxf4 20. g3
Bd6 21. Rab1 Qb6 22. Rfc1 Kb8 23. Bc4 Qc7 24. b5 c5 25. Rd1 Be5 26. Rd3 Bd4 27.
b6 axb6 28. Rdb3 Nd7 29. Qxf7 Qc6+ 30. f3 Rf8 31. Qxe6 Qxe6 32. Bxe6 Ne5 33.
Rxb6 c4 34. Rxb7+ Ka8 35. Bd5 1-0

[Event "Münster 2- Steinfurt"]
[Site "?"]
[Date "2023.05.07"]
[Round "8.1"]
[White "Rieke, Theo"]
[Black "Weidemann, Jakob"]
[Result "0-1"]
[WhiteElo "1957"]
[BlackElo "2125"]
[PlyCount "58"]
[SourceVersionDate "2023.06.22"]

1. c4 c5 2. Nc3 Nf6 3. g3 g6 4. Bg2 Nc6 5. d3 Bg7 6. e3 O-O 7. Nge2 d6 8. O-O
Bd7 9. a3 a6 10. Rb1 Rb8 11. b4 cxb4 12. axb4 b5 13. cxb5 axb5 14. d4 Qc8 15.
Qd3 Bh3 16. e4 Bxg2 17. Kxg2 Qb7 18. f4 e6 19. h3 Rfc8 20. Kh2 Ne8 21. Be3 Ne7
22. e5 Nd5 23. Ne4 Rc4 24. Bd2 Rd8 25. Rfc1 Nb6 26. exd6 Nxd6 27. Nc5 Qd5 28.
Be3 Nf5 29. Bf2 Bxd4 0-1

[Event "Münster 2- Steinfurt"]
[Site "?"]
[Date "2023.05.07"]
[Round "8.2"]
[White "Schroeder, Lennart"]
[Black "Arning, Marcus"]
[Result "1-0"]
[WhiteElo "1992"]
[BlackElo "1981"]
[PlyCount "85"]
[SourceVersionDate "2023.06.22"]

1. d4 d5 2. c4 e5 3. dxe5 d4 4. Nf3 Nc6 5. a3 Nge7 6. Nbd2 Nf5 7. b4 Qe7 8. Bb2
Nxe5 9. Nxe5 Qxe5 10. Nf3 Qe4 11. Nxd4 c5 12. Nb5 Qc6 13. Be5 f6 14. Nc7+ Kf7
15. Nxa8 fxe5 16. b5 Qe4 17. Qd5+ Qxd5 18. cxd5 Nd4 19. Rc1 Nxb5 20. e3 Nxa3
21. Nc7 Bd6 22. Nb5 Nxb5 23. Bxb5 a6 24. Be2 b5 25. g3 g5 26. f4 gxf4 27. exf4
exf4 28. gxf4 Bf5 29. Ra1 c4 30. Rxa6 Bb4+ 31. Kd1 Rd8 32. Bf3 c3 33. Rg1 c2+
34. Kc1 Bc5 35. Re1 Bd4 36. d6 b4 37. Be4 Re8 38. Bxf5 Rxe1+ 39. Kxc2 Re3 40.
d7 b3+ 41. Kd2 Ke7 42. Ra8 Bb6 43. Re8+ 1-0

[Event "Münster 2- Steinfurt"]
[Site "?"]
[Date "2023.05.07"]
[Round "8.3"]
[White "Haselhorst, Helmut"]
[Black "Boesel, Alexander"]
[Result "0-1"]
[WhiteElo "1995"]
[BlackElo "2015"]
[PlyCount "58"]
[SourceVersionDate "2023.06.22"]

1. Nf3 Nf6 2. c4 e6 3. d4 d5 4. g3 dxc4 5. Qa4+ Nbd7 6. Bg2 c5 7. O-O a6 8.
Qxc4 b5 9. Qc2 Bb7 10. Nbd2 cxd4 11. Nxd4 Bxg2 12. Kxg2 Rc8 13. Qd1 Qb6 14.
N2f3 Bc5 15. b3 O-O 16. Bb2 Rfd8 17. e3 Qb7 18. Kg1 Bf8 19. Qe2 e5 20. Nf5 Qe4
21. N3d4 exd4 22. Nxd4 Ne5 23. f4 Nd3 24. Rab1 Nxb2 25. Rxb2 Nd5 26. Rf3 Rc1+
27. Kf2 Rdc8 28. g4 Nc3 29. Qd2 Nd1+ 0-1

[Event "Münster 2- Steinfurt"]
[Site "?"]
[Date "2023.05.07"]
[Round "8.4"]
[White "Virnyi, Julius"]
[Black "Janning, Rainer"]
[Result "1/2-1/2"]
[WhiteElo "2111"]
[BlackElo "1877"]
[PlyCount "55"]
[SourceVersionDate "2023.06.22"]

1. d4 f5 2. e4 fxe4 3. Nc3 Nf6 4. Bg5 e6 5. Nxe4 Be7 6. Bxf6 Bxf6 7. Nf3 O-O 8.
Bd3 Nc6 9. c3 d5 10. Ng3 e5 11. dxe5 Nxe5 12. Nxe5 Bxe5 13. Qc2 h6 14. O-O-O
Qg5+ 15. Kb1 Bxg3 16. hxg3 Bf5 17. f3 Bxd3 18. Qxd3 Qf5 19. Qxf5 Rxf5 20. Rhe1
c6 21. g4 Rff8 22. Re7 Rf7 23. Rde1 Kf8 24. R7e6 Rd8 25. Kc2 Rfd7 26. b4 Rc7
27. Kd3 Rdd7 28. Re8+ 1/2-1/2

[Event "Münster 2- Steinfurt"]
[Site "?"]
[Date "2023.05.07"]
[Round "8.5"]
[White "Raus, Michael"]
[Black "Junk, Phillip"]
[Result "0-1"]
[WhiteElo "1922"]
[BlackElo "2083"]
[PlyCount "68"]
[SourceVersionDate "2023.06.22"]

1. e4 c6 2. d4 d5 3. exd5 cxd5 4. c3 Nf6 5. Nf3 Nc6 6. Bd3 Bg4 7. Nbd2 e6 8.
Qa4 Nd7 9. O-O Bd6 10. Re1 O-O 11. Bb5 Qc7 12. Bxc6 Qxc6 13. Qxc6 bxc6 14. Ne5
Nxe5 15. dxe5 Be7 16. f3 Bf5 17. b4 a5 18. bxa5 Rxa5 19. Nb3 Ra6 20. Be3 Rfa8
21. Re2 Bd3 22. Rb2 Rb8 23. Rd1 Bc4 24. Rdd2 Ba3 25. Rb1 f6 26. exf6 gxf6 27.
f4 Bd6 28. g3 e5 29. fxe5 fxe5 30. Kg2 Ra3 31. Rdb2 Rba8 32. Bc5 Bxc5 33. Nxc5
Rxa2 34. Nd7 Bd3 0-1

[Event "Münster 2- Steinfurt"]
[Site "?"]
[Date "2023.05.07"]
[Round "8.6"]
[White "Kubo, Thomas"]
[Black "Freitag, Michael"]
[Result "1-0"]
[WhiteElo "2032"]
[BlackElo "1782"]
[PlyCount "107"]
[SourceVersionDate "2023.06.22"]

1. Nf3 d5 2. g3 c6 3. Bg2 f5 4. d3 Nf6 5. O-O e6 6. b3 Bc5 7. Bb2 Nbd7 8. Nbd2
O-O 9. c4 Qe8 10. Qc2 Qh5 11. e4 dxe4 12. dxe4 Ng4 13. h3 Nh6 14. Qc3 Nf6 15.
Qe5 f4 16. Qxf4 Ne8 17. Qe5 Nf6 18. g4 Qxe5 19. Nxe5 Nd7 20. Nd3 Be7 21. f4 Nb6
22. Rad1 Bd7 23. c5 Nc8 24. Nc4 Be8 25. e5 g5 26. fxg5 Rxf1+ 27. Rxf1 Bxg5 28.
Bc1 Bxc1 29. Rxc1 Ne7 30. Nf4 Bf7 31. Nd6 Nd5 32. Bxd5 exd5 33. e6 Be8 34. Nxb7
Kg7 35. Rf1 a5 36. Nd6 Ng8 37. Nd3 Bg6 38. Ne5 Ne7 39. Nxg6 Nxg6 40. Rf7+ Kg8
41. Rc7 d4 42. e7 Nxe7 43. Rxe7 Rb8 44. Re8+ Rxe8 45. Nxe8 Kf7 46. Nd6+ Ke6 47.
Kf2 Kd5 48. Nb7 a4 49. Ke2 axb3 50. axb3 Ke4 51. Nd8 Kd5 52. b4 h6 53. Nxc6 Kc4
54. Nxd4 1-0

[Event "Iserlohn- Herford"]
[Site "?"]
[Date "2023.05.07"]
[Round "8.1"]
[White "Loemker, Michael"]
[Black "Scheider, Julian"]
[Result "1-0"]
[WhiteElo "2091"]
[BlackElo "2335"]
[Annotator "daniel"]
[PlyCount "87"]
[SourceVersionDate "2023.06.22"]

1. d4 Nf6 2. c4 c5 3. d5 b5 4. a4 Qa5+ 5. Bd2 b4 6. Qc2 g6 7. e4 d6 8. Bd3 Bg7
9. h3 O-O 10. Nf3 Qc7 11. O-O e5 12. Qc1 Nh5 13. Ra2 Nf4 14. Bxf4 exf4 15. Qxf4
Nd7 16. b3 Ne5 17. Nxe5 Bxe5 18. Qh4 f5 19. f4 Bf6 20. Qg3 Kh8 21. Re2 fxe4 22.
Bxe4 Qg7 23. Nd2 Bd7 24. Bd3 $11 Qh6 25. Kh1 Bh4 26. Qh2 Rae8 27. g3 Rxe2 28.
Bxe2 Bd8 29. Bg4 Qg7 30. Bxd7 Qxd7 31. Re1 g5 32. Re6 Qg7 33. Ne4 gxf4 34. gxf4
Qd4 35. Qg1 Qb2 36. Nxd6 Be7 37. Rxe7 Qf6 38. Re6 Qxf4 39. Qa1+ Kg8 40. Re2
Qxd6 41. Rg2+ Kf7 42. Qe1 Qh6 43. Qg3 a5 44. Qc7+ 1-0

[Event "Iserlohn- Herford"]
[Site "?"]
[Date "2023.05.07"]
[Round "8.2"]
[White "Eckhardt, Joshua"]
[Black "Quelle, Helmut"]
[Result "1-0"]
[WhiteElo "2257"]
[BlackElo "2066"]
[PlyCount "119"]
[SourceVersionDate "2023.06.22"]

1. d4 Nf6 2. c4 g6 3. Nc3 Bg7 4. Nf3 O-O 5. g3 c6 6. Bg2 d5 7. Qb3 dxc4 8. Qxc4
Nbd7 9. O-O Nb6 10. Qb3 Nbd5 11. Ne5 Qb6 12. e4 Qxb3 13. axb3 Nb4 14. Be3 Nc2
15. Rac1 Nxe3 16. fxe3 h5 17. Na4 Ne8 18. Nd3 Nd6 19. e5 Nf5 20. Rfe1 Bh6 21.
Nf4 h4 22. Kf2 g5 23. Nd3 hxg3+ 24. hxg3 f6 25. e6 Bxe6 26. Nac5 Bc8 27. d5
cxd5 28. Bxd5+ Kg7 29. Bxb7 Bxb7 30. Nxb7 Rfc8 31. g4 Nd6 32. Nxd6 exd6 33. e4
Rab8 34. Rxc8 Rxc8 35. Ra1 Rc7 36. Ra6 Kf7 37. Rxd6 Bf8 38. Ra6 Rb7 39. Ke3 Be7
40. Ra4 Ke8 41. b4 Kf7 42. Kd4 Rd7+ 43. Kc4 Bd6 44. Ra6 Bb8 45. b5 Re7 46. Nc5
Bg3 47. b4 Bf2 48. Kd5 Be1 49. Nd3 Bg3 50. b6 Rd7+ 51. Kc4 axb6 52. Rxb6 Be5
53. Nc5 Rd4+ 54. Kb5 Bd6 55. Rb7+ Kg6 56. Rg7+ Kh6 57. Rg8 Bxc5 58. bxc5 Rxe4
59. c6 Re1 60. c7 1-0

[Event "Iserlohn- Herford"]
[Site "?"]
[Date "2023.05.07"]
[Round "8.3"]
[White "Stoimenov, Ivan"]
[Black "Messarius, Juergen"]
[Result "0-1"]
[WhiteElo "2084"]
[BlackElo "2184"]
[PlyCount "84"]
[SourceVersionDate "2023.06.22"]

1. d4 f5 2. Bg5 g6 3. e3 Nh6 4. Nf3 Nf7 5. Bf4 d6 6. h4 Bg7 7. Bc4 e6 8. Nc3 h6
9. Qe2 d5 10. Bd3 Nd7 11. Nb5 e5 12. dxe5 Ndxe5 13. O-O-O c6 14. Nbd4 Nxd3+ 15.
Qxd3 Qf6 16. c3 O-O 17. Nd2 b6 18. f3 Re8 19. Rdg1 c5 20. Nc2 Be6 21. g4 fxg4
22. fxg4 Rad8 23. Rf1 Bxg4 24. Bg5 Qe6 25. Bxd8 c4 26. Nd4 cxd3 27. Nxe6 Rxe6
28. Bc7 Rxe3 29. Rf4 h5 30. Ra4 Re2 31. Bf4 a5 32. Bg3 Bd7 33. Rd4 Bxd4 34.
cxd4 Nh6 35. Bc7 Re6 36. Bf4 Nf5 37. Be5 Rc6+ 38. Kb1 Rc2 39. Nf3 Rf2 40. Ne1
Ne3 41. Bg3 d2 42. Nd3 Re2 0-1

[Event "Iserlohn- Herford"]
[Site "?"]
[Date "2023.05.07"]
[Round "8.4"]
[White "Kind, Bertram"]
[Black "Hanisch, Bernd"]
[Result "1-0"]
[WhiteElo "2152"]
[BlackElo "2036"]
[PlyCount "51"]
[SourceVersionDate "2023.06.22"]

1. e4 c6 2. d4 d5 3. exd5 cxd5 4. Bd3 Nc6 5. c3 g6 6. Nf3 Bg7 7. Bf4 Nf6 8.
Nbd2 a6 9. a4 O-O 10. O-O Bf5 11. Bxf5 gxf5 12. Ne5 e6 13. Qf3 Nd7 14. Qg3
Ndxe5 15. dxe5 f6 16. Nf3 Kh8 17. Rfe1 Rg8 18. Qh3 Nxe5 19. Rxe5 Qd7 20. Re2
Rae8 21. Bh6 Bxh6 22. Qxh6 Rg6 23. Qe3 Rg4 24. Ne1 e5 25. Rd1 Rd8 26. Qb6 1-0

[Event "Iserlohn- Herford"]
[Site "?"]
[Date "2023.05.07"]
[Round "8.5"]
[White "Klemme, Thomas"]
[Black "Franz, Christian"]
[Result "0-1"]
[WhiteElo "1971"]
[BlackElo "2047"]
[PlyCount "70"]
[SourceVersionDate "2023.06.22"]

1. b3 d5 2. Bb2 Bf5 3. e3 e6 4. f4 Nf6 5. Nf3 Nbd7 6. d4 Ne4 7. Bd3 Ndf6 8. O-O
h6 9. c4 c6 10. Qc2 g5 11. Nc3 gxf4 12. exf4 Nxc3 13. Bxf5 Nce4 14. Bxe4 Nxe4
15. Nd2 f5 16. Nxe4 fxe4 17. c5 Qd7 18. Bc1 Rg8 19. Be3 Qh7 20. Qe2 Qf5 21. b4
Rg7 22. a4 Be7 23. Kh1 Kf7 24. Ra2 Rag8 25. Qd1 Rg4 26. Rff2 Bh4 27. Rfd2 Qh5
28. h3 Bg3 29. Kg1 Bf2+ 30. Kf1 Bxe3 31. hxg4 Rxg4 32. Rf2 Bxf2 33. Rxf2 e3 34.
Rf3 Qh1+ 35. Ke2 Rxg2+ 0-1

[Event "Iserlohn- Herford"]
[Site "?"]
[Date "2023.05.07"]
[Round "8.6"]
[White "Glatzel, Jonas"]
[Black "Heuermann, Heinz- Burkhard"]
[Result "1-0"]
[WhiteElo "2025"]
[BlackElo "1875"]
[PlyCount "81"]
[SourceVersionDate "2023.06.22"]

1. e4 c5 2. c3 d5 3. exd5 Qxd5 4. d4 e5 5. dxe5 Qxe5+ 6. Be3 Nf6 7. Nf3 Qd6 8.
Na3 Qxd1+ 9. Rxd1 a6 10. Nc4 Nbd7 11. a4 Be7 12. a5 O-O 13. Be2 Re8 14. O-O Nf8
15. Nb6 Be6 16. Nxa8 Rxa8 17. Ne5 Nd5 18. Bc4 Nxe3 19. fxe3 Bf6 20. Bxe6 Nxe6
21. Nc4 Rb8 22. Rd7 Nf8 23. Rd5 Ne6 24. e4 Kf8 25. Rd7 Ke8 26. Rfd1 Bd8 27.
Rxb7 Rxb7 28. Nd6+ Ke7 29. Nxb7 Bc7 30. b4 cxb4 31. cxb4 Be5 32. Nc5 Bd4+ 33.
Kf1 Bxc5 34. bxc5 Nxc5 35. Rd5 Ne6 36. e5 f6 37. Rd6 Nc7 38. Rc6 Nd5 39. exf6+
gxf6 40. Rxa6 Nb4 41. Ra7+ 1-0

[Event "Köln- Brackel"]
[Site "?"]
[Date "2023.04.16"]
[Round "7.1"]
[White "Fiebig, Thomas"]
[Black "Strohhaeker, Raoul"]
[Result "1-0"]
[WhiteElo "2417"]
[BlackElo "2438"]
[PlyCount "71"]
[SourceVersionDate "2023.06.22"]

1. e4 c5 2. c3 Nf6 3. e5 Nd5 4. Nf3 e6 5. Bc4 Nb6 6. Bb3 d6 7. exd6 Qxd6 8. d4
Nc6 9. O-O Be7 10. Nbd2 cxd4 11. Ne4 Qd7 12. cxd4 O-O 13. a3 Rd8 14. Be3 Nd5
15. Rc1 Qe8 16. Qc2 Bd7 17. Qd2 b6 18. Ba2 Na5 19. Bg5 Ba4 20. Bxe7 Qxe7 21.
Qd3 Nf4 22. Qe3 Nd5 23. Bxd5 exd5 24. Nc3 Qxe3 25. fxe3 Be8 26. Nd2 Nc4 27.
Nxc4 dxc4 28. Ne4 Bc6 29. Nd2 b5 30. b3 Rab8 31. Rc3 Bd5 32. bxc4 bxc4 33. Nxc4
f6 34. Rfc1 Kf8 35. Nd2 Rb6 36. Rc7 1-0

[Event "Köln- Brackel"]
[Site "?"]
[Date "2023.04.16"]
[Round "7.2"]
[White "Morawietz, Dieter"]
[Black "Luft, Dennis"]
[Result "1-0"]
[WhiteElo "2390"]
[BlackElo "2309"]
[PlyCount "93"]
[SourceVersionDate "2023.06.22"]

1. e4 e5 2. Nf3 Nc6 3. Bc4 Nf6 4. d3 Be7 5. a3 O-O 6. Nc3 d6 7. h3 Be6 8. O-O
Qd7 9. Bxe6 fxe6 10. Re1 Qe8 11. d4 exd4 12. Nxd4 Nxd4 13. Qxd4 e5 14. Qd3 c6
15. Be3 Qg6 16. Rad1 a6 17. f4 Nd7 18. f5 Qf7 19. Rf1 Kh8 20. Rd2 Rad8 21. g4
d5 22. exd5 Nf6 23. d6 Rxd6 24. Qe2 Rxd2 25. Qxd2 Rd8 26. Qe2 Nd5 27. Ne4 Nxe3
28. Qxe3 Qc4 29. Rf2 Rd1+ 30. Kg2 Qd5 31. Re2 h6 32. Kg3 Kh7 33. Nc3 Qh1 34.
Nxd1 Qxd1 35. Qe4 Kh8 36. b4 Qg1+ 37. Rg2 Qa1 38. Re2 Qg1+ 39. Qg2 Qa1 40. Kh2
Bg5 41. Qf3 Bf4+ 42. Kg2 Qb2 43. Qd3 Qc1 44. Rf2 Qe1 45. Rf1 Qh4 46. Rd1 Bg5
47. Qg3 1-0

[Event "Köln- Brackel"]
[Site "?"]
[Date "2023.04.16"]
[Round "7.3"]
[White "Kartsev, Soel"]
[Black "Helbig, Mark"]
[Result "0-1"]
[WhiteElo "2154"]
[BlackElo "2289"]
[PlyCount "106"]
[SourceVersionDate "2023.06.22"]

1. e4 e6 2. Qe2 c5 3. g3 Nc6 4. c3 g6 5. Bg2 Bg7 6. Nf3 d6 7. O-O Nge7 8. Rd1
e5 9. b4 cxb4 10. cxb4 Bg4 11. Bb2 Qb6 12. b5 O-O 13. a4 Rac8 14. Na3 Nd4 15.
Bxd4 exd4 16. d3 Rfe8 17. h3 Be6 18. Ng5 Bb3 19. Rdb1 Rc3 20. Rxb3 Rxb3 21. Qa2
Qc5 22. Qxb3 Qxg5 23. a5 Rc8 24. Nc4 Qc5 25. b6 a6 26. Qa3 Qxa3 27. Rxa3 Rd8
28. f4 Bf8 29. e5 d5 30. Nd6 Nc6 31. Bxd5 Bxd6 32. exd6 Rxd6 33. Bf3 Kf8 34.
Ra4 Ke7 35. Kf2 Kd7 36. g4 f6 37. Be4 Ke6 38. Kf3 f5 39. gxf5+ gxf5 40. Bxc6
Rxc6 41. Rxd4 Rc5 42. Rc4 Rxc4 43. dxc4 Kd6 44. Ke3 Kc5 45. Kd3 Kb4 46. Kd4
Kxa5 47. Kc5 h6 48. h4 h5 49. Kd6 Kxb6 50. Ke5 a5 51. Kxf5 a4 52. Kg6 a3 53. f5
a2 0-1

[Event "Köln- Brackel"]
[Site "?"]
[Date "2023.04.16"]
[Round "7.4"]
[White "Wacker, Peter"]
[Black "Fluechter, Gregor"]
[Result "1-0"]
[WhiteElo "2265"]
[BlackElo "2257"]
[PlyCount "107"]
[SourceVersionDate "2023.06.22"]

1. e4 c5 2. Nf3 Nc6 3. Nc3 g6 4. d4 cxd4 5. Nxd4 Bg7 6. Be3 d6 7. Qd2 Nf6 8. f3
O-O 9. Bc4 Bd7 10. Bb3 Na5 11. Bh6 Rc8 12. Bxg7 Kxg7 13. O-O-O Nc4 14. Bxc4
Rxc4 15. g4 Qa5 16. Nb3 Qa6 17. Kb1 Rfc8 18. e5 Ne8 19. h4 h6 20. Rhe1 Be6 21.
exd6 Qxd6 22. Nd4 Bd7 23. Qe3 Qc5 24. Qxe7 Rxd4 25. Qxc5 Rxd1+ 26. Rxd1 Rxc5
27. Rxd7 h5 28. Ne4 Rc7 29. Rd8 Nf6 30. Nxf6 Kxf6 31. gxh5 gxh5 32. Rd5 Rc4 33.
Rxh5 Rf4 34. b3 Rxf3 35. Rc5 Rf4 36. Rc7 Rb4 37. a3 Rb6 38. Kb2 Kg6 39. h5+
Kxh5 40. Rxf7 Kg6 41. Rf3 Rf6 42. Rxf6+ Kxf6 43. Kc3 Ke5 44. Kc4 Kd6 45. b4 Kc6
46. b5+ Kb6 47. Kb4 Kc7 48. Kc5 Kd7 49. a4 Kc7 50. b6+ Kb8 51. bxa7+ Ka8 52.
Kb5 Kxa7 53. a5 Kb8 54. a6 1-0

[Event "Köln- Brackel"]
[Site "?"]
[Date "2023.04.16"]
[Round "7.5"]
[White "Prieb, Robert"]
[Black "Bayer, Ernst- Wolfgang"]
[Result "0-1"]
[WhiteElo "2108"]
[BlackElo "2216"]
[PlyCount "68"]
[SourceVersionDate "2023.06.22"]

1. d4 d5 2. c4 e6 3. Nf3 Nf6 4. Nc3 Be7 5. Bf4 O-O 6. e3 b6 7. cxd5 Nxd5 8.
Nxd5 Qxd5 9. Bd3 Bb7 10. O-O c5 11. Qc2 Qh5 12. Ne5 f6 13. Be2 Qe8 14. Nf3 cxd4
15. exd4 Bd5 16. Bd3 Qh5 17. Be4 Nc6 18. a3 Rac8 19. Bxd5 Qxd5 20. Qe2 Rfd8 21.
Rfe1 g5 22. Bg3 g4 23. Nh4 Nxd4 24. Qxg4+ Qg5 25. Qe4 f5 26. Nxf5 Qxf5 27. Qxf5
Nxf5 28. Rxe6 Kf7 29. Re5 Rc5 30. Rae1 Bf6 31. Rxc5 bxc5 32. b3 Rd3 33. Rb1 Nd4
34. b4 c4 0-1

[Event "Köln- Brackel"]
[Site "?"]
[Date "2023.04.16"]
[Round "7.6"]
[White "Bonnmann, Reinhard"]
[Black "Steinmetzer, Thomas"]
[Result "0-1"]
[WhiteElo "2261"]
[BlackElo "2229"]
[PlyCount "100"]
[SourceVersionDate "2023.06.22"]

1. d4 d5 2. c4 e6 3. Nf3 Nf6 4. g3 Be7 5. Bg2 O-O 6. O-O dxc4 7. Qc2 a6 8. a4
Nc6 9. Qxc4 Qd5 10. Qc2 Nb4 11. Qd1 Rd8 12. Bd2 Qh5 13. Qb3 a5 14. Na3 c5 15.
dxc5 Bxc5 16. Be3 Bxe3 17. Qxe3 Bd7 18. Rfd1 Nfd5 19. Qb3 Nb6 20. Nc4 Nxc4 21.
Qxc4 Bc6 22. b3 h6 23. g4 Qg6 24. Ne5 Qc2 25. Qxc2 Nxc2 26. Nxc6 bxc6 27. Rac1
Nb4 28. e3 Kf8 29. Kf1 Ke7 30. Ke2 Rxd1 31. Rxd1 Nd5 32. Ke1 Rb8 33. Rd3 Rb4
34. h3 g5 35. Kd1 Kf6 36. Kc2 Ke5 37. Rd1 f5 38. Bf3 f4 39. e4 Nf6 40. Re1 Nd7
41. Be2 Rxe4 42. Kd2 Nc5 43. Rb1 Rd4+ 44. Ke1 Kd6 45. Bc4 e5 46. f3 e4 47. fxe4
Ke5 48. Be2 Rxe4 49. Kf2 Re3 50. Bf3 Nd3+ 0-1

[Event "Köln- Brackel"]
[Site "?"]
[Date "2023.04.16"]
[Round "7.7"]
[White "Korten, Lando"]
[Black "Wißkirchen, Andreas"]
[Result "1/2-1/2"]
[WhiteElo "2134"]
[BlackElo "2202"]
[PlyCount "57"]
[SourceVersionDate "2023.06.22"]

1. d4 Nf6 2. c4 g6 3. Nc3 Bg7 4. e4 d6 5. h3 O-O 6. Be3 Nbd7 7. Be2 e5 8. d5
Nc5 9. Qc2 a5 10. Nf3 Nh5 11. Bxc5 dxc5 12. g3 Qe7 13. O-O-O Ra6 14. Nd2 Nf6
15. f4 Bh6 16. Rdf1 Ne8 17. f5 Qg5 18. g4 Qxd2+ 19. Qxd2 Bxd2+ 20. Kxd2 f6 21.
fxg6 hxg6 22. h4 Nd6 23. Rf2 Kg7 24. Rhf1 Bd7 25. g5 f5 26. exf5 Bxf5 27. b3
Raa8 28. Ke3 b6 29. Rh1 1/2-1/2

[Event "Köln- Brackel"]
[Site "?"]
[Date "2023.04.16"]
[Round "7.8"]
[White "Maric, Boris"]
[Black "Goldschmidt, Christian"]
[Result "1/2-1/2"]
[WhiteElo "2064"]
[BlackElo "2214"]
[PlyCount "68"]
[SourceVersionDate "2023.06.22"]

1. d4 d5 2. c4 e6 3. Nc3 c5 4. cxd5 cxd4 5. Qa4+ Bd7 6. Qxd4 exd5 7. Qxd5 Nf6
8. Qd1 Nc6 9. Nf3 Bc5 10. e3 Qe7 11. Be2 O-O 12. O-O Rfd8 13. Qc2 Rac8 14. a3
a6 15. Rd1 Ba7 16. Bd2 Bg4 17. Be1 Re8 18. h3 Bh5 19. Nh4 Bxe2 20. Qxe2 g6 21.
Nf3 Qe6 22. b4 Ne5 23. Nxe5 Qxe5 24. Rac1 Bb8 25. Qf3 Rc6 26. Ne2 Qh2+ 27. Kf1
Qh1+ 28. Ng1 Rce6 29. Bc3 Ne4 30. Rd7 Ng5 31. Qg4 Bh2 32. Ke2 Ne4 33. Qf3 Ng5
34. Qg4 Ne4 1/2-1/2

[Event "Solingen 3- Hansa Dortmund"]
[Site "?"]
[Date "2023.04.16"]
[Round "7.1"]
[White "Klyuner, Vyacheslav"]
[Black "Zolfagharian, Kevin"]
[Result "1-0"]
[WhiteElo "2428"]
[BlackElo "2233"]
[Annotator "daniel"]
[PlyCount "103"]
[SourceVersionDate "2023.06.22"]

1. e4 c5 2. c3 e5 3. Nf3 Nc6 4. Bc4 Be7 5. d4 cxd4 6. cxd4 exd4 7. Nxd4 Nf6 8.
Nc3 O-O 9. Nde2 Bc5 10. Ng3 d6 11. h3 Be6 12. Bxe6 fxe6 13. O-O Nd7 14. Na4
Nde5 15. Nxc5 dxc5 16. Be3 Nd4 $11 17. Rc1 Nd3 18. Rb1 c4 19. b3 b5 20. bxc4
bxc4 21. Qa4 Rc8 22. Qxa7 Nc6 23. Qa4 Nce5 24. Qc2 g5 25. Qc3 g4 26. Rb5 gxh3
27. Rxe5 Nxe5 28. Qxe5 hxg2 29. Qxe6+ Rf7 30. Kxg2 Qd7 31. Qxd7 Rxd7 32. Rc1
Kf7 33. Nf5 Kf6 34. f4 Rd3 35. Kf3 Ra3 36. Rc2 h5 37. Nd6 Rc6 38. e5+ Ke6 39.
Ke4 Rxd6 40. f5+ Kd7 41. exd6 Kxd6 42. Rxc4 Rxa2 43. Bf4+ Ke7 44. Rc7+ Kf6 45.
Be5+ Kg5 46. Rg7+ Kh4 47. f6 Kh3 48. f7 Rf2 49. Rg3+ Kh4 50. Rf3 Re2+ 51. Kf5
Re3 52. Bf6# 1-0

[Event "Solingen 3- Hansa Dortmund"]
[Site "?"]
[Date "2023.04.16"]
[Round "7.2"]
[White "Michalczak, Thomas"]
[Black "Wegener, Olaf"]
[Result "1/2-1/2"]
[WhiteElo "2264"]
[BlackElo "2408"]
[PlyCount "49"]
[SourceVersionDate "2023.06.22"]

1. e4 c5 2. c3 Nf6 3. e5 Nd5 4. Nf3 d6 5. d4 cxd4 6. cxd4 Nc6 7. Bc4 Nb6 8. Bb5
dxe5 9. Nxe5 Bd7 10. Nc3 e6 11. O-O Be7 12. Qf3 O-O 13. Rd1 Rc8 14. Nxd7 Qxd7
15. d5 Nxd5 16. Nxd5 exd5 17. Qxd5 Qxd5 18. Rxd5 Bf6 19. Rd7 Rfd8 20. Rxd8+
Rxd8 21. Be3 Bxb2 22. Rb1 Bd4 23. Bxc6 Bxe3 24. Bxb7 Bb6 25. Rc1 1/2-1/2